Lana Del Rey - Paroles Video Game - Statistiques

Statistiques générales
  • Ce quiz a été pris 68 fois
  • Le résultat moyen est 310 sur 390
Statistiques - réponses
Hint Réponse % Correct
I
100%
a
98%
game"
98%
Post-refrain Mmm
98%
Mmm,
98%
video
98%
Video
98%
He
96%
the
96%
you
96%
"You
96%
you,
96%
all
93%
in
93%
is
93%
name
93%
car
91%
Refrain It's
91%
it's
91%
me
91%
my
91%
play
91%
up
91%
and
89%
And
89%
And,
89%
do
89%
do,
89%
do)
89%
ever
89%
everything
89%
fast
89%
for
89%
on
89%
place
89%
pull
89%
tell
89%
Tell
89%
with
89%
your
89%
beer
87%
Heaven
87%
Open
87%
say,
87%
say
87%
time,
87%
backyard,
84%
Earth
84%
that
84%
things
84%
true?
82%
over
80%
Couplet 1 Swingin'
78%
even
78%
here
78%
honey,
78%
Post-refrain (N-now
76%
now
76%
"Get
73%
get
73%
knew
73%
two
73%
wanna
73%
baby,
71%
Whistlin'
71%
world
71%
was
69%
bad
67%
better
67%
heard
67%
like
67%
They
67%
big
64%
built
64%
girls,
64%
his
64%
I'm
64%
than
64%
games
62%
of
62%
sundress,
62%
Watchin'
62%
kiss,
58%
undressed
58%
watching
58%
"Go
56%
loving
56%
somebody
56%
favorite
53%
Livin'
53%
Only
53%
stars
53%
This
53%
this
53%
arms,
51%
bestest,"
51%
fame
51%
perfume
51%
Take
51%
think
51%
downtown
49%
Playin'
49%
if
47%
fun
44%
holds
44%
living
44%
seeing
44%
am
42%
blue
42%
body
42%
idea
42%
lean
42%
old
42%
Old
42%
worth
42%
friends
40%
drunk,
38%
put
38%
Couplet 2 Singin'
38%
bars,
36%
dark,
36%
fall
36%
Kissin'
31%
our
31%
playing
31%
out
29%
swinging
24%
Paul's,
22%
wild
18%
darts
16%
pool
16%
Aucun quiz correspondant
Distribution des résultats
% des personnes avec chaque résultat
Percentile par nombre de réponses
Votre historique - résultats
Vous n’avez pas pris ce quiz